000 00346 a2200169 4500
001 44922
020 _a8508035721
040 _cAnchieta - Aquarius
100 _aFrança, Mary
240 1 0 _a*Sapato novo
_lpor
245 1 0 _a*Sapato novo
300 _a
362 0 _a1999
440 1 _aÁtica
650 4 _aLiteratura infantil
942 _cBK
999 _c44922
_d44922